Players of National Teams - Brazil - Statistics

General Stats
  • This quiz has been taken 21 times
  • The average score is 15 of 26
Answer Stats
Pos. Team Player % Correct
RW Real Madrid Rodrygo
95%
LW Real Madrid Vinicius Junior
95%
GK Fenerbahçe Ederson
90%
CB Paris Saint-Germain Marquinhos
90%
FW Tottenham Hotspur Richarlison
90%
DM Manchester United Casemiro
85%
CB Arsenal FC Gabriel Magalhães
85%
CM Newcastle United Bruno Guimarães
80%
CB Real Madrid Éder Militão
80%
DM Al-Ittihad Club Fabinho
75%
RW Chelsea FC Estêvão
70%
AM West Ham United Lucas Paquetá
70%
FW Manchester United Matheus Cunha
70%
FW Chelsea FC João Pedro
55%
CM Chelsea FC Andrey Santos
45%
GK Al-Nassr Bento
45%
CB CR Flamengo Danilo
45%
FW Palmeiras Vitor Roque
45%
LB CR Flamengo Alex Sandro
40%
RB AS Roma Wesley
40%
LB AS Monaco Caio Henrique
35%
CB Cruzeiro EC Fabrício Bruno
30%
RW Zenit St.Petersburg Luiz Henrique
25%
GK Nottingham Forest John Victor
20%
LB EC Bahia Luciano Juba
20%
RB Vasco da Gama Paulo Henrique
20%
No matching quizzes found
Score Distribution
Percent of People with Each Score
Percentile by Number Answered
Your Score History
You have not taken this quiz